Mariana Pineda: romance popular en tres estampas 1927

保存先:
書誌詳細
第一著者: García Lorca, Federico (autor)
フォーマット: 図書
言語:スペイン語
出版事項: Buenos Aires Losada 1948
版:2a. ed
シリーズ:Biblioteca Contemporánea
主題:
タグ: タグ追加
タグなし, このレコードへの初めてのタグを付けませんか!

MARC

LEADER 00000nam a2200000 a 4500
001 UCT2574
003 CL-VaPUC
008 961011e19480000AG |||||||||||||||||spa|d
082 0 4 |a 862  |b GAR  |2 21 
100 |a García Lorca, Federico   |e autor   |9 315690 
245 1 0 |a Mariana Pineda: romance popular en tres estampas 1927 
250 |a 2a. ed 
300 |a 131 p 
942 |c BK 
945 |d 19961011 00:00:00  |a rleighto 
260 |a Buenos Aires  |b Losada  |c 1948 
650 0 |a Dramas españoles  |9 267081 
583 |a last modification  |c 19961011 00:00:00  |k Rodrigo Vera 
490 0 |a Biblioteca Contemporánea 
999 |c 252630  |d 252628